Logo Biblioteca

Biología : (Registro nro. 70)

Detalles MARC
000 -LEADER
fixed length control field 02792nam a22002417a 4500
003 - CONTROL NUMBER IDENTIFIER
control field OSt
005 - DATE AND TIME OF LATEST TRANSACTION
control field 20250227113537.0
008 - FIXED-LENGTH DATA ELEMENTS--GENERAL INFORMATION
fixed length control field 230911s2017 mx ||||| |||| 00| 0 spa d
020 ## - INTERNATIONAL STANDARD BOOK NUMBER
International Standard Book Number 9786073241519
040 ## - CATALOGING SOURCE
Language of cataloging spa
Transcribing agency besoc
100 ## - MAIN ENTRY--PERSONAL NAME
Personal name Audesirk, Teresa
Relator term autor
245 10 - TITLE STATEMENT
Title Biología :
Remainder of title la vida en la tierra con fisiología /
Statement of responsibility, etc. Teresa Audesirk, Gerald Audesirk, Bruce E. Byers ; traducción de Víctor Campos Olguín ; Revisión técnica de Mayori Grimaldo Salazar, Clementina de los Ángeles Equihua Zamora
250 ## - EDITION STATEMENT
Edition statement 10a ed.
260 ## - PUBLICATION, DISTRIBUTION, ETC.
Place of publication, distribution, etc. México :
Name of publisher, distributor, etc. Pearson,
Date of publication, distribution, etc. 2017
300 ## - PHYSICAL DESCRIPTION
Extent 985 p.
505 ## - FORMATTED CONTENTS NOTE
Formatted contents note 1 Introducción a la vida sobre la tierra -- UNIDAD 1. LA VIDA DE LA CÉLULA -- Átomos, moléculas y vida -- Moléculas biológicas -- Estructura y funcionamiento celular -- Estructura y funcionamiento en la membrana celular -- Flujo de energía en la vida de una célula -- Captura de energía solar: Fotosíntesis --Cosecha de energía: Glucolisis y respiración celular -- UNIDAD 2. HERENCIA -- Reproducción celular --Meiosis: Bases de la reproducción sexual -- Patrones de herencia -- ADN: La molécula de la herencia -- Expresión y regulación genética -- Biotecnología -- UNIDAD 3. EVOLUCION Y DIVERSIDAD DE LA VIDA -- Principios de evolución -- Como evolucionan las poblaciones -- El origen de las especies -- La historia de la vida -- Sistemática: Búsqueda de orden entre la diversidad -- La diversidad de procariontes y virus -- La diversidad de protistas -- La diversidad de las plantas -- La diversidad de hongos -- Diversidad animal l: Invertebrados -- Diversidad animal ll: Vertebrados -- UNIDAD 4. COMPORTAMIENTO Y ECOLOGIA -- Comportamiento animal -- Crecimiento y regulación de poblaciones -- Interacciones comunitarias -- Flujo de energía y reciclamiento de nutrientes en los ecosistemas -- Diversos ecosistemas de la tierra -- Conservación de la biodiversidad de la tierra -- UNIDAD 5. ANATOMIA Y FISIOLOGIA ANIMAL -- Homeostasis y la organización del cuerpo animal -- Circulación -- Respiración -- Nutrición y digestión -- El sistema urinario -- Defensas contra las enfermedades -- Control químico del cuerpo animal: El sistema endocrino -- El sistema nervioso -- Los sentidos -- Acción y soporte: Los músculos y el esqueleto -- Reproducción animal -- Desarrollo animal -- UNIDAD 6. ANATOMIA Y FISIOLOGIA DE LAS PLANTAS -- Anatomía de las plantas y transporte de nutrientes -- Reproducción y desarrollo de las plantas -- Respuestas de las plantas al ambiente.-
650 #4 - SUBJECT ADDED ENTRY--TOPICAL TERM
Topical term or geographic name entry element Biología
General subdivision Células
-- Herencia
-- Evolución
-- Diversidad
-- Ecología
-- Anatomía
700 1# - ADDED ENTRY--PERSONAL NAME
Personal name Curtis, Helena
Relator term autor
700 1# - ADDED ENTRY--PERSONAL NAME
Personal name Audesirk, Gerald
Relator term autor
700 1# - ADDED ENTRY--PERSONAL NAME
Personal name Byers, Bruce E.
Relator term autor
700 1# - ADDED ENTRY--PERSONAL NAME
Personal name Campos Olguín, Víctor
Relator term traductor
942 ## - ADDED ENTRY ELEMENTS (KOHA)
Source of classification or shelving scheme Universal Decimal Classification
Koha item type Libro de préstamo a domicilio
Suppress in OPAC No
Existencias
Withdrawn status Lost status Source of classification or shelving scheme Damaged status Not for loan Collection Home library Current library Date acquired Total checkouts Full call number Barcode Date last seen Price effective from Koha item type
    Universal Decimal Classification     Colección General Biblioteca Escuela de Ciencias Sociales Biblioteca Escuela de Ciencias Sociales 12/09/2023   573(07) AU899 000793 12/09/2023 12/09/2023 Libro de préstamo a domicilio
Biblioteca de la Escuela Preuniversitaria en Ciencias Sociales y Humanísticas.
Riobamba 250 bis.
CP 2000 - Rosario - Santa Fe
E-Mail: biblioteca@esociales.unr.edu.ar